000 00390nam a22001697a 4500
005 20160628154602.0
008 160628b xxu||||| |||| 00| 0 eng d
020 _a81-203-1412-3
041 _aeng
082 _b10787
100 _aKarr, ron, Blohowiak Don
_93112
245 _aGreat Customer Service
260 _bPHI
_c1998
300 _a292
650 _aManagement
_9241
942 _cBK
999 _c4538
_d4537